Responses for Show #809 - Thursday, February 25, 1988

Contestants

[<< previous game]

Michael Shutterly, a bank officer from Elkridge, Maryland

Cindy LaRue, a librarian originally from Bayonne, New Jersey

George Wallace, an attorney from Tujunga, California (whose 1-day cash winnings total $13,400)

[next game >>]

Jeopardy! Round responses

WORLD CITIES
TELEVISION
POLITICIANS
PLANTS & TREES
DID YOU NOTICE?
ODORS
    $100 13
Salisbury

Cindy
    $100 4
L.A. Law

Cindy
    $100 27
Vietnam

George
    $100 30
peat moss

Cindy
    $100 9
A

Cindy
    $100 1
shoes

George
    $200 14
Amsterdam

Michael
    $200 5
Dolly Parton

Cindy
    $200 28
Senate majority leader

Michael
    $200 29
succulents

Michael
    $200 10
orange

George
    $200 2
lemon

Michael
    $300 3
Barcelona

George
    $300 6
You rang?

Cindy
    $300 16
Barry Goldwater

Michael
    $300 17
deserts

George
    $300 11
(1 of) grapes (or apple)

Michael
    $300 18
(George: What is pungent?)
(Cindy: What is putrid?)

ethereal

GeorgeCindyMichael
    $400 12
Lake Geneva

George
    $400 7
Murder, She Wrote

Cindy
    $400 19
(Alex: After John Foster Dulles, that's right.)

Secretary of State

Michael
    $400 22
the jonquil

George
    $700 23
(Alex: Commemorating our nation's bicentennial.)

1776 & 1976

George
    $400 25
(Alex: That's right, they're dogs [**].)

to sniff luggage (to sniff out narcotics)

George
    $500 15
(Michael: What is Panama? [*]?)

Panama City

Michael
    $500 8
sternwheelers, paddle boats, river boats

Triple Stumper
    $500 20
(George: What is North Dakota?)

South Dakota

GeorgeMichael
    $500 21
(Michael: What are tumbleweeds?)

the mesquite

Michael
Triple Stumper
    $500 24
(Alex: We've got a minute to go.)

$75

Michael
    $500 26
(George: What are scratch-and-sniff [*]?)

perfume ads

George

Scores at the first commercial break (after clue 16):

George Cindy Michael
$1,000 $1,200 $1,500

Scores at the end of the Jeopardy! Round:

George Cindy Michael
$2,600 $1,000 $3,100

Double Jeopardy! Round responses

IDAHO
TECHNOLOGY
"SONG" SONGS
DICKENSIAN CHARACTERS
SPORTS
THE ORIGINAL LANGUAGE
    $200 24
(Alex: We've got a minute to go.)

potatoes

Michael
    $200 26
his dog

George
    $200 7
"Silly Love Songs"

George
    $200 3
Jacob Marley

George
    $200 19
skiing

Michael
    $200 14
(Cindy: What is Indian?)

Chinese

CindyMichael
    $400 23
the Appaloosa

George
    $400 25
an electric drill

Michael
    $400 11
"Song Sung Blue"

George
    $400 1
Great Expectations

Michael
    $400 29
golf

George
    $400 16
French

George
    $600 22
(George: What is hydroelectric power?)

nuclear power

GeorgeMichael
    $600 18
a laser

Cindy
    $1,100 8
(George: What is "Love Song"?)
(Alex: No, sorry, what is [*]--it was popularized, of course, in the Anne Murray rendition.)

"Danny's Song"

George
    $600 4
Uriah Heep

Cindy
    $600 30
the U.S. Open

Cindy
    $600 2
Greek

Cindy
    $2,000 20
the eruption of Mount St. Helens

Michael
    $800 15
answering machines (tape machines)

Cindy
    $800 10
(Alex: And I got it out without looking at the sheet; I'm so proud of myself.)

"(Hey Won't You Play) Another Somebody Done Somebody Wrong Song"

Triple Stumper
    $800 5
Nicholas Nickleby

Cindy
    $800 27
the (Pontiac) Silverdome

George
    $800 12
German

Cindy
    $1000 21
Sun Valley

Michael
    $1000 17
(Michael: Who is Thomas Edison?)

William Burroughs

Michael
Triple Stumper
    $1000 9
(Alex: I must be getting old; I remember that film, [*].)

With a Song in My Heart

Triple Stumper
    $1000 6
the Pickwick Club

Cindy
    $1000 28
Philadelphia

Michael
    $1000 13
Arabian

Cindy

Scores at the end of the Double Jeopardy! Round:

George Cindy Michael
$3,900 $7,600 $8,100

[wagering suggestions for these scores]

Final Jeopardy! Round responses

WORLD WAR II
(Alex: I suppose this was a piece of cake, particularly if you saw the movie Patton you know that the right response was, "Who is Karl Malden?")
[Laughter]
GeorgeWho was Montgomery?
$2,899
CindyWho was Eisenhower
$7,500
MichaelWho was Omar Bradley?
$7,101
Omar Bradley

Final scores:

George Cindy Michael
$1,001 $100 $15,201
2nd place: Burris reclining chair & Sierra fireplace + Jeopardy! box game 3rd place: Litton microwave oven + Jeopardy! box game New champion: $15,201

Game dynamics:

Coryat scores:

George Cindy Michael
$4,700 $7,600 $6,900
18 R
(including 1 DD),
4 W
(including 1 DD)
16 R,
2 W
20 R
(including 1 DD),
2 W

Combined Coryat: $19,200

[game clues] [game scores] [suggest correction]

Game tape date: 1987-11-09
The J! Archive is created by fans, for fans. Scraping, republication, monetization, and malicious use prohibited; this site may use cookies and collect identifying information. See terms. The Jeopardy! game show and all elements thereof, including but not limited to copyright and trademark thereto, are the property of Jeopardy Productions, Inc. and are protected under law. This website is not affiliated with, sponsored by, or operated by Jeopardy Productions, Inc. Join the discussion at JBoard.tv.